Basic of information tehcnology for librarians and information scientists

Contents of material: Introduction. Computer basics. Harware-Computer. Software-Computer. Data communication and networking. Internet: Basics and tools.

Αποθηκεύτηκε σε:
Λεπτομέρειες βιβλιογραφικής εγγραφής
Κύριος συγγραφέας: Dhiman, Anil Kumar
Μορφή: Βιβλίο
Γλώσσα:Undetermined
Έκδοση: Darya Ganj, New Delhi Ess Ess Publications 2003
Θέματα:
Ετικέτες: Προσθήκη ετικέτας
Δεν υπάρχουν, Καταχωρήστε ετικέτα πρώτοι!
Thư viện lưu trữ: Trung tâm Học liệu Trường Đại học Cần Thơ
LEADER 00754nam a2200205Ia 4500
001 CTU_124798
008 210402s9999 xx 000 0 und d
020 |c 50 
082 |a 025.04 
082 |b D534/Vol.1 
100 |a Dhiman, Anil Kumar 
245 0 |a Basic of information tehcnology for librarians and information scientists 
245 0 |c Anil Kumar Dhiman 
260 |a Darya Ganj, New Delhi 
260 |b Ess Ess Publications 
260 |c 2003 
520 |a Contents of material: Introduction. Computer basics. Harware-Computer. Software-Computer. Data communication and networking. Internet: Basics and tools. 
650 |a Library science,Information technology 
904 |i Minh 
980 |a Trung tâm Học liệu Trường Đại học Cần Thơ